[Event "Frankfurt Ch 2009"]
[Site "Ffm-Kalbach, LAZ"]
[Date "2009.05.04"]
[Round "2.53"]
[White "Bastian, Holger"]
[Black "Kletzerman, Simon"]
[Result "1-0"]
[WhiteElo "1774"]
[BlackElo "1544"]
[PlyCount "71"]
[EventDate "2009.??.??"]
[WhiteTeam "SC S.-W. Schweinheim"]
[BlackTeam "TuS Makkabi Ffm"]

1. e4 e5 2. Nf3 Nc6 3. Bb5 a6 4. Ba4 Nf6 5. O-O Be7 6. Re1 b5 7. Bb3 O-O 8. c3
d6 9. d4 Bg4 10. d5 Na5 11. Bc2 Ne8 12. h3 Bh5 13. Nbd2 Bg6 14. b3 f5 15. exf5
Bxf5 16. Ne4 h6 17. Nfd2 Qd7 18. Qh5 Nf6 19. Nxf6+ Rxf6 20. Ne4 Rg6 21. Nc5
Rxg2+ 22. Kxg2 Bxh3+ 23. Qxh3 Qxh3+ 24. Kxh3 dxc5 25. Rxe5 Bf6 26. Re3 c4 27.
Rg3 Kh8 28. Bf4 Bxc3 29. Rxc3 b4 30. Re3 c3 31. Bxc7 Nb7 32. d6 Nc5 33. Rd1 Nd7
34. Re7 Nf6 35. d7 Nxd7 36. Rdxd7 1-0

[Event "Frankfurt Ch 2009"]
[Site "Ffm-Kalbach, LAZ"]
[Date "2009.05.04"]
[Round "2.54"]
[White "Trumpfheller, Roland"]
[Black "Dages, Rolf Hermann"]
[Result "1/2-1/2"]
[WhiteElo "1770"]
[BlackElo "1537"]
[PlyCount "31"]
[EventDate "2009.??.??"]
[WhiteTeam "SC 1926 Kahl"]
[BlackTeam "SC Eschborn 1974"]

1. d4 Nf6 2. c4 e5 3. dxe5 Ng4 4. e4 Nxe5 5. f4 Ng6 6. Be3 Bb4+ 7. Nc3 Bxc3+ 8.
bxc3 O-O 9. Nf3 d6 10. Bd3 b6 11. O-O Nd7 12. Qd2 Bb7 13. f5 Nge5 14. Nxe5 Nxe5
15. f6 Re8 16. Bd4 1/2-1/2

[Event "Frankfurt Ch 2009"]
[Site "Ffm-Kalbach, LAZ"]
[Date "2009.05.04"]
[Round "2.56"]
[White "Khalimov, Khayot"]
[Black "Herwig-Päutz, Martin"]
[Result "1-0"]
[WhiteElo "1758"]
[BlackElo "1506"]
[PlyCount "111"]
[EventDate "2009.??.??"]
[WhiteTeam "SVG Eppstein 1932"]
[BlackTeam "SC Nidderau"]

1. e4 c5 2. Nf3 Nc6 3. d3 e5 4. g3 d6 5. Bg2 Bg4 6. O-O Nf6 7. h3 Bh5 8. Re1
Qd7 9. Nbd2 Be7 10. c3 h6 11. Nf1 g5 12. Ne3 O-O-O 13. Qa4 Kb8 14. Nh2 g4 15.
hxg4 Bxg4 16. Nhxg4 Nxg4 17. Bh3 h5 18. f3 Nd4 19. Qxd7 Nxf3+ 20. Kf1 Rxd7 21.
Re2 Nxe3+ 22. Bxe3 Rdd8 23. Rf2 Ng5 24. Bxg5 Bxg5 25. Rxf7 Rdf8 26. Rxf8+ Rxf8+
27. Ke2 Kc7 28. Bf5 b5 29. Kf3 Kd8 30. Rh1 Rh8 31. Bg6 h4 32. Kg4 Be7 33. gxh4
Bf8 34. Rf1 Be7 35. h5 Bf8 36. Rf7 Be7 37. Kf5 Kd7 38. Bh7 c4 39. dxc4 bxc4 40.
Kg6 Rb8 41. Rf2 Rb6 42. Kg7 a5 43. Bg8 a4 44. Bxc4 a3 45. b3 Rb7 46. h6 Kd8 47.
Rf7 Ke8 48. h7 Bf8+ 49. Kg8 Rxf7 50. Bxf7+ Ke7 51. h8=Q d5 52. Qxe5+ Kd7 53.
Kxf8 dxe4 54. Be8+ Kc8 55. Qe7 Kb8 56. Bc6 1-0

[Event "Frankfurt Ch 2009"]
[Site "Ffm-Kalbach, LAZ"]
[Date "2009.05.04"]
[Round "2.57"]
[White "Kirschner, Matthias"]
[Black "Enders, Georg"]
[Result "0-1"]
[WhiteElo "1719"]
[BlackElo "2011"]
[PlyCount "128"]
[EventDate "2009.??.??"]
[WhiteTeam "SV 1997 Nauheim"]
[BlackTeam "SC Nidderau"]

1. c4 Nf6 2. g3 g6 3. Bg2 Bg7 4. Nc3 c5 5. d3 Nc6 6. Nf3 O-O 7. O-O e6 8. Rb1
d5 9. Nd2 a6 10. a3 Re8 11. b4 cxb4 12. axb4 Bf8 13. b5 Nb4 14. Ba3 a5 15. Qb3
Rb8 16. Bxb4 Bxb4 17. Nf3 b6 18. Nd4 Bb7 19. Nc2 Bc5 20. Na4 Bf8 21. Rfd1 d4
22. e3 Bxg2 23. Kxg2 e5 24. exd4 exd4 25. Re1 Qd6 26. Rxe8 Rxe8 27. Re1 Rxe1
28. Nxe1 Ng4 29. Qd1 h5 30. h3 Nf6 31. Qf3 Nd7 32. Nc2 Bg7 33. Qc6 Qe6 34. Qxe6
fxe6 35. Kf3 Kf7 36. Ke4 e5 37. f4 Ke6 38. fxe5 Nc5+ 39. Nxc5+ bxc5 40. Na1 a4
41. Nc2 Bxe5 42. Kf3 Bc7 43. g4 h4 44. Ke4 g5 45. Kf3 Ke5 46. Ke2 Ba5 47. Na3
Bb6 48. Nc2 Ba5 49. Na3 Kd6 50. Kf3 Bb4 51. Nc2 Bc3 52. Ke4 Bb2 53. Kf5 Bc1 54.
Kg6 Ke6 55. Na1 Kd6 56. Kf6 Kc7 57. Kf5 Bb2 58. Nc2 Bc1 59. Na1 Kb6 60. Nc2 Ka5
61. Ke5 Kb6 62. Kd5 a3 63. Na1 a2 64. Nc2 Bb2 0-1

[Event "Frankfurt Ch 2009"]
[Site "Ffm-Kalbach, LAZ"]
[Date "2009.05.04"]
[Round "2.58"]
[White "Plattner, Rolf"]
[Black "Knott, Tilo"]
[Result "1-0"]
[WhiteElo "1932"]
[BlackElo "1498"]
[PlyCount "125"]
[EventDate "2009.??.??"]
[WhiteTeam "SK Langen"]
[BlackTeam "SC Brett vor'm Kopp Ffm"]

1. Nf3 d6 2. d4 f5 3. c4 g6 4. g3 Bg7 5. Bg2 Nh6 6. O-O O-O 7. Qb3 c6 8. Nc3
Nf7 9. d5 c5 10. Be3 b6 11. Rad1 Re8 12. Ng5 Nxg5 13. Bxg5 h6 14. Bd2 Nd7 15.
Qc2 Nf6 16. Rfe1 Rb8 17. e3 e5 18. dxe6 Bxe6 19. Ne2 Qc7 20. Nf4 Bf7 21. Bc3
Rbd8 22. Bxf6 Bxf6 23. Nd5 Bxd5 24. Bxd5+ Kh7 25. h4 h5 26. Rd3 Be5 27. Red1
Bg7 28. R1d2 Re5 29. Qd1 Bf8 30. Qf3 Qe7 31. Qd1 Qf6 32. Qa4 Qe7 33. Qa3 Qc7
34. b3 Rde8 35. Qb2 Bg7 36. Qc2 Bf8 37. Bf3 R5e6 38. Qd1 Kh6 39. Re2 Qe7 40.
Qd2 Kh7 41. Bd5 Rf6 42. Rc3 Bg7 43. Rc2 a5 44. Qd3 Bf8 45. a3 Qe5 46. Kg2 Bg7
47. b4 axb4 48. axb4 Rb8 49. b5 Rff8 50. Ra2 Rfe8 51. Ra6 Bf6 52. Bf3 Qe7 53.
Rea2 Qd8 54. Ra7+ Re7 55. Bxh5 Rbb7 56. Rxb7 Rxb7 57. Bf3 Rc7 58. Ra8 Qe7 59.
h5 Ra7 60. Rxa7 Qxa7 61. Qxd6 Kg7 62. h6+ Kf7 63. Bd5+ 1-0

[Event "Frankfurt Ch 2009"]
[Site "Ffm-Kalbach, LAZ"]
[Date "2009.05.04"]
[Round "2.59"]
[White "Witt, Holger"]
[Black "Ickert, Bernd"]
[Result "0-1"]
[WhiteElo "1555"]
[BlackElo "1732"]
[PlyCount "94"]
[EventDate "2009.??.??"]
[WhiteTeam "SC 1934 Viernheim"]
[BlackTeam "SC Matt im Park Ffm"]

1. e4 e6 2. d4 d5 3. Nd2 Nf6 4. e5 Nfd7 5. c3 c5 6. Bd3 Nc6 7. Ndf3 Be7 8. Ne2
cxd4 9. cxd4 Nb6 10. a3 a5 11. O-O Bd7 12. Bd2 Nc4 13. Bxc4 dxc4 14. Nc3 O-O
15. Qe2 Rc8 16. Rfd1 f6 17. Be3 Qe8 18. d5 Nxe5 19. Nxe5 fxe5 20. Rac1 b5 21.
dxe6 Bxe6 22. Nd5 Bxd5 23. Rxd5 Qc6 24. Rcd1 Rfd8 25. Qf3 Rxd5 26. Qxd5+ Qxd5
27. Rxd5 c3 28. bxc3 Rxc3 29. Rxb5 Rxa3 30. g3 Bf6 31. Rb7 a4 32. Ra7 Ra1+ 33.
Kg2 e4 34. h4 a3 35. Kh3 h5 36. Kg2 a2 37. Kh2 Kh7 38. Ra6 Kg6 39. Bd4 Rf1 40.
Kg2 a1=Q 41. Bxa1 Rxa1 42. Rxa1 Bxa1 43. Kf1 Kf5 44. Ke2 Bd4 45. f3 exf3+ 46.
Kxf3 Be5 47. Kg2 Kg4 0-1

[Event "Frankfurt Ch 2009"]
[Site "Ffm-Kalbach, LAZ"]
[Date "2009.05.04"]
[Round "2.60"]
[White "Löhr, Holger"]
[Black "Lopez-Fuertes, Victor"]
[Result "1/2-1/2"]
[WhiteElo "1730"]
[BlackElo "1448"]
[PlyCount "96"]
[EventDate "2009.??.??"]
[WhiteTeam "Sfr. Braunfels e.V."]
[BlackTeam "SC 1910 Höchst"]

1. e4 e5 2. Nf3 Nf6 3. Nc3 Bb4 4. Qe2 d6 5. a3 Bxc3 6. dxc3 Bg4 7. h3 Bc8 8.
Bg5 Nbd7 9. O-O-O O-O 10. g4 Nc5 11. Nd2 Ne6 12. Bh4 Nf4 13. Qe3 Ng6 14. Bg3
Bd7 15. Bc4 Bc6 16. f3 Re8 17. Nf1 b5 18. Bb3 a5 19. h4 h5 20. Qg5 Nf4 21. Bxf4
exf4 22. Qxf4 hxg4 23. fxg4 Rxe4 24. Qd2 Rxg4 25. Rh2 Ne4 26. Qe3 Rxh4 27. Re2
Qf6 28. Ree1 Qf4 29. Kb1 Qxe3 30. Nxe3 Re8 31. Nd5 Bxd5 32. Bxd5 Nf6 33. Rxe8+
Nxe8 34. Bc6 Nf6 35. Bxb5 g5 36. Rf1 Kg7 37. Bd3 c5 38. Ka2 Rf4 39. Rg1 g4 40.
Ba6 Rf5 41. Bc8 Rg5 42. Bb7 g3 43. b4 cxb4 44. cxb4 axb4 45. axb4 Kf8 46. Kb3
Nd5 47. Bxd5 Rxd5 48. Rxg3 f6 1/2-1/2

[Event "Frankfurt Ch 2009"]
[Site "Ffm-Kalbach, LAZ"]
[Date "2009.05.04"]
[Round "2.61"]
[White "Bauer, Alfred"]
[Black "Tews, Artur"]
[Result "0-1"]
[WhiteElo "1407"]
[BlackElo "1729"]
[PlyCount "96"]
[EventDate "2009.??.??"]
[WhiteTeam "FB Mörlenbach-Birkenau"]
[BlackTeam "Bad Vilbeler Sfr.1985"]

1. e4 c5 2. Nf3 d6 3. d4 cxd4 4. Nxd4 Nf6 5. Nc3 g6 6. Be2 Bg7 7. Be3 O-O 8.
Qd2 Re8 9. O-O-O Nc6 10. Nd5 Nxe4 11. Qd3 Nc5 12. Qd2 Be6 13. Nxe6 Nxe6 14. h4
Qa5 15. Qxa5 Nxa5 16. h5 Nc6 17. hxg6 hxg6 18. Rh3 Rac8 19. Bd3 Nc7 20. Nxc7
Rxc7 21. Rdh1 Rec8 22. Bh6 Bxh6+ 23. Rxh6 Kg7 24. Rh7+ Kf6 25. R1h3 Ne5 26. c3
d5 27. Kd2 e6 28. Ke3 a6 29. Kd4 Nc6+ 30. Ke3 e5 31. Rh8 e4 32. Rxc8 Rxc8 33.
Be2 Ke5 34. f4+ exf3 35. Rxf3 f5 36. Rh3 d4+ 37. cxd4+ Nxd4 38. Bd3 Nc2+ 39.
Kd2 Nb4 40. Re3+ Kf6 41. Bb1 Rc7 42. Rc3 Rd7+ 43. Ke1 Nd5 44. a3 Nxc3 45. bxc3
g5 46. Ke2 Ke5 47. Kf3 Rd1 48. Bc2 Rc1 0-1

[Event "Frankfurt Ch 2009"]
[Site "Ffm-Kalbach, LAZ"]
[Date "2009.05.04"]
[Round "2.62"]
[White "Kraus, Eduard"]
[Black "Scheerer, Michael"]
[Result "1-0"]
[WhiteElo "1893"]
[BlackElo "1427"]
[PlyCount "59"]
[EventDate "2009.??.??"]
[WhiteTeam "SV Bergwinkel"]
[BlackTeam "Sfr. Frankfurt 1921"]

1. d4 d5 2. c4 e6 3. Nf3 Nf6 4. Nc3 c6 5. Bg5 Be7 6. e3 O-O 7. Rc1 h6 8. Bh4
Ne4 9. Bxe7 Qxe7 10. Bd3 Nxc3 11. Rxc3 dxc4 12. Bb1 Nd7 13. Qc2 f5 14. Rxc4 Nb6
15. Rc5 Nd5 16. Ne5 Qd6 17. O-O Nf6 18. Qb3 Nd7 19. Nxd7 Bxd7 20. Rxf5 Rxf5 21.
Bxf5 Kf8 22. Bc2 b6 23. Qd3 Rc8 24. Qh7 Kf7 25. f4 c5 26. f5 cxd4 27. fxe6+
Kxe6 28. Bb3+ Ke7 29. Qxg7+ Kd8 30. exd4 1-0

[Event "Frankfurt Ch 2009"]
[Site "Ffm-Kalbach, LAZ"]
[Date "2009.05.04"]
[Round "2.63"]
[White "Lehmann, Gerit"]
[Black "Budde, Michael"]
[Result "1/2-1/2"]
[WhiteElo "1394"]
[BlackElo "1728"]
[PlyCount "113"]
[EventDate "2009.??.??"]
[WhiteTeam "SC 1924 Lampertheim"]
[BlackTeam "SC 1979 Hattersheim"]

1. d4 Nf6 2. Nf3 d5 3. Bg5 Bf5 4. e3 h6 5. Bh4 e6 6. Bd3 Bg4 7. h3 Bxf3 8. Qxf3
Be7 9. O-O Nbd7 10. Bg3 c5 11. b3 cxd4 12. exd4 Qb6 13. Qe3 Rc8 14. Nd2 Bd6 15.
Bxd6 Qxd6 16. c4 O-O 17. Nf3 Rfe8 18. Ne5 dxc4 19. bxc4 Qe7 20. c5 Nxe5 21.
Qxe5 Red8 22. Rfd1 Rd5 23. Qe3 Rcd8 24. Bc4 R5d7 25. Bb5 Rd5 26. Bc4 Rg5 27. f4
Nd5 28. Qf2 Rf5 29. Bxd5 Rfxd5 30. Rd3 Qf6 31. Rad1 Rf5 32. Rf3 Rxc5 33. dxc5
Rxd1+ 34. Kh2 Qd4 35. Qxd4 Rxd4 36. Rb3 Rxf4 37. Rxb7 Rc4 38. Rxa7 Rxc5 39. a4
e5 40. Ra8+ Kh7 41. Rb8 f5 42. Rb5 Rc4 43. Rxe5 f4 44. a5 Ra4 45. h4 f3 46.
gxf3 Rxh4+ 47. Kg3 Ra4 48. f4 Kg6 49. Kg4 Kf6 50. Rf5+ Ke6 51. Re5+ Kd6 52. Kf5
h5 53. Re6+ Kd7 54. Re5 h4 55. Kg4 h3 56. Kxh3 Rxf4 57. Rg5 1/2-1/2

[Event "Frankfurt Ch 2009"]
[Site "Ffm-Kalbach, LAZ"]
[Date "2009.05.04"]
[Round "2.64"]
[White "Rehn, Hans Peter"]
[Black "Krüger, Jens"]
[Result "1-0"]
[WhiteElo "1726"]
[BlackElo "1382"]
[PlyCount "69"]
[EventDate "2009.??.??"]
[WhiteTeam "SK Gründau"]
[BlackTeam "SC Nidderau"]

1. d4 Nf6 2. c4 d6 3. Nc3 g6 4. e4 c6 5. f3 a6 6. Be3 Bg7 7. Qd2 O-O 8. Nge2 b5
9. Nc1 Nbd7 10. Be2 bxc4 11. Bxc4 Nb6 12. Bd3 Be6 13. b3 a5 14. Bh6 Bxh6 15.
Qxh6 a4 16. Rb1 axb3 17. axb3 Ra3 18. e5 Nfd5 19. Ne4 f6 20. h4 dxe5 21. Ng5
fxg5 22. Bxg6 Rf7 23. hxg5 Rg7 24. Bxh7+ Kf7 25. Nd3 Nd7 26. Qh5+ Kf8 27. Be4
Nf4 28. Qh8+ Rg8 29. Qh6+ Kf7 30. Nxf4 exf4 31. g6+ Ke8 32. Qxf4 Qa5+ 33. b4
Qb6 34. g7 Qxd4 35. Bg6+ 1-0

[Event "Frankfurt Ch 2009"]
[Site "Ffm-Kalbach, LAZ"]
[Date "2009.05.04"]
[Round "2.65"]
[White "Neuhaus, Joachim"]
[Black "Bittner, Peter"]
[Result "0-1"]
[WhiteElo "1345"]
[BlackElo "1960"]
[PlyCount "55"]
[EventDate "2009.??.??"]
[WhiteTeam "SC 1933 Somborn"]
[BlackTeam "SC Brett vor'm Kopp Ffm"]

1. e4 c5 2. c3 Nc6 3. Nf3 Nf6 4. Bd3 d6 5. h3 e5 6. O-O Be7 7. Bb5 Bd7 8. d3
O-O 9. a3 a6 10. Bxc6 bxc6 11. c4 h6 12. Nc3 Nh7 13. g4 Qc8 14. b4 h5 15. Nh2
hxg4 16. hxg4 Ng5 17. bxc5 dxc5 18. Na4 Qd8 19. Bxg5 Bxg5 20. Nxc5 Ra7 21. Qe2
Bc8 22. f3 Qd4+ 23. Kg2 Qxc5 24. Rfb1 Be6 25. Rb4 Rd7 26. Rab1 g6 27. a4 a5 28.
Nf1 0-1

[Event "Frankfurt Ch 2009"]
[Site "Ffm-Kalbach, LAZ"]
[Date "2009.05.04"]
[Round "2.66"]
[White "Seickel, Ralf"]
[Black "Stulken, Dietmar"]
[Result "1-0"]
[WhiteElo "1722"]
[BlackElo "1329"]
[PlyCount "120"]
[EventDate "2009.??.??"]
[WhiteTeam "vereinslos"]
[BlackTeam "SC Brett vor'm Kopp Ffm"]

1. e4 e5 2. Nf3 Nc6 3. Bb5 a6 4. Ba4 Nf6 5. O-O b5 6. Bb3 Be7 7. Re1 d6 8. c3
Na5 9. Bc2 c5 10. d4 Qc7 11. h3 O-O 12. Nbd2 Bd7 13. Nf1 Nc4 14. b3 Nb6 15. Ng3
Rfe8 16. Be3 Rad8 17. Rc1 Bf8 18. Nh4 d5 19. Bg5 Qc6 20. dxe5 Rxe5 21. Nf3 Rxg5
22. Nxg5 dxe4 23. N3xe4 Be7 24. Nxf6+ Qxf6 25. Nxh7 Qh4 26. Re4 Be6 27. Qe2 Qh6
28. Rd1 Rxd1+ 29. Qxd1 g6 30. Re5 Qxh7 31. Qf3 Qg7 32. Qe2 Qf6 33. Re3 Nd5 34.
Rf3 Qg7 35. Qd2 Qe5 36. c4 Nc7 37. Re3 Qf6 38. Rf3 Qd4 39. Qxd4 cxd4 40. cxb5
Nxb5 41. Be4 Nc3 42. Bb7 a5 43. Rd3 Bc5 44. Rd2 Kg7 45. Ba6 Kf6 46. Kf1 g5 47.
Kg1 Ke5 48. Kh2 Bd6 49. g3 f5 50. Bb7 Bd5 51. Bxd5 Kxd5 52. Kg2 f4 53. h4 gxh4
54. gxh4 Be5 55. Kf3 Ne4 56. Re2 Nc3 57. Rd2 Ne4 58. Re2 Nf6 59. Rc2 Ne4 60.
Rc8 Nd6 1-0

[Event "Frankfurt Ch 2009"]
[Site "Ffm-Kalbach, LAZ"]
[Date "2009.05.04"]
[Round "2.67"]
[White "Geipert, Wilfried"]
[Black "Grohmüller, Robert"]
[Result "1-0"]
[WhiteElo "1716"]
[BlackElo "1302"]
[PlyCount "47"]
[EventDate "2009.??.??"]
[WhiteTeam "SC Brett vor'm Kopp Ffm"]
[BlackTeam "FB Mörlenbach-Birkenau"]

1. d4 d5 2. c4 c6 3. Nf3 Nf6 4. Nc3 e6 5. Bg5 Be7 6. e3 O-O 7. Qc2 Nbd7 8. Rd1
Qc7 9. a3 Nb6 10. Ne5 dxc4 11. e4 Qd8 12. Bxc4 Nxc4 13. Nxc4 h6 14. Bxf6 Bxf6
15. e5 Be7 16. Ne4 Qd5 17. O-O b6 18. f4 Ba6 19. Ne3 Qd7 20. Rf3 Bb7 21. f5
exf5 22. Nxf5 Rad8 23. Rg3 Qxf5 24. Nf6+ 1-0

[Event "Frankfurt Ch 2009"]
[Site "Ffm-Kalbach, LAZ"]
[Date "2009.05.04"]
[Round "2.68"]
[White "Honert, Stefan"]
[Black "Nagel, Norbert"]
[Result "1/2-1/2"]
[WhiteElo "1311"]
[BlackElo "1715"]
[PlyCount "68"]
[EventDate "2009.??.??"]
[WhiteTeam "Sfr. Frankfurt 1921"]
[BlackTeam "SC Bad Nauheim"]

1. d4 Nf6 2. c4 g6 3. Nc3 Bg7 4. e4 O-O 5. f4 d6 6. Nf3 c5 7. dxc5 dxc5 8. Qxd8
Rxd8 9. Be3 Na6 10. e5 Ng4 11. Bd2 Nb4 12. Rc1 Bf5 13. Be2 Nd3+ 14. Bxd3 Bxd3
15. h3 Nh6 16. Nd5 Rd7 17. Kf2 Be4 18. Be3 b6 19. Rhd1 Bxd5 20. Rxd5 Rxd5 21.
cxd5 Nf5 22. g4 Nxe3 23. Kxe3 Rd8 24. Rd1 Kf8 25. b3 Ke8 26. Ke4 h6 27. Rd3 b5
28. d6 exd6 29. Rxd6 Bf8 30. Rxd8+ Kxd8 31. h4 Kc7 32. Kd5 Be7 33. h5 gxh5 34.
gxh5 Kd7 1/2-1/2

[Event "Frankfurt Ch 2009"]
[Site "Ffm-Kalbach, LAZ"]
[Date "2009.05.04"]
[Round "2.69"]
[White "Rausch, Wolfgang"]
[Black "Leßmann, Sven"]
[Result "1-0"]
[WhiteElo "1730"]
[BlackElo "1193"]
[PlyCount "69"]
[EventDate "2009.??.??"]
[WhiteTeam "VSG 1880 Offenbach"]
[BlackTeam "SC Bad Soden"]

1. c4 Nf6 2. Nc3 e6 3. d4 Bb4 4. Qc2 O-O 5. a3 Be7 6. e4 d5 7. e5 Ne8 8. cxd5
exd5 9. Bd3 g6 10. b4 a6 11. Be3 Ng7 12. f3 Bf5 13. Nge2 Bxd3 14. Qxd3 Nf5 15.
Bf2 Re8 16. O-O Bf8 17. g4 Ng7 18. f4 c6 19. Bg3 Nd7 20. Na4 Be7 21. f5 gxf5
22. gxf5 f6 23. e6 Nf8 24. Kh1 Bd6 25. Rg1 Re7 26. Bf4 Kh8 27. Qg3 Bxf4 28.
Nxf4 Qc7 29. Qg4 h5 30. Nxh5 Nh7 31. Nf4 Ree8 32. Ng6+ Kg8 33. Rg3 Nf8 34. Nc5
Nxg6 35. Qxg6 1-0

[Event "Frankfurt Ch 2009"]
[Site "Ffm-Kalbach, LAZ"]
[Date "2009.05.04"]
[Round "2.70"]
[White "Hanka, Katrin"]
[Black "Haftmann, Rainer"]
[Result "0-1"]
[WhiteElo "1269"]
[BlackElo "1876"]
[PlyCount "82"]
[EventDate "2009.??.??"]
[WhiteTeam "Bad Vilbeler Sfr.1985"]
[BlackTeam "SG 1945 Dietzenbach"]

1. d4 Nf6 2. Nf3 e6 3. c4 d5 4. Nc3 c6 5. Bg5 Be7 6. e3 Nbd7 7. Bd3 O-O 8. O-O
dxc4 9. Bxc4 Nd5 10. Bxe7 Qxe7 11. a3 Nxc3 12. bxc3 e5 13. Re1 e4 14. Nd2 Nf6
15. Be2 b6 16. f3 Bb7 17. fxe4 Nxe4 18. Nxe4 Qxe4 19. Bf3 Qg6 20. c4 Rfe8 21.
d5 Rad8 22. e4 Re5 23. Ra2 Qd6 24. Kf1 Qc5 25. Qb3 Ba6 26. Rc2 cxd5 27. exd5
Rxe1+ 28. Kxe1 Qg1+ 29. Kd2 Re8 30. Kc3 Re3+ 31. Kb2 Rxb3+ 32. Kxb3 Qb1+ 33.
Kc3 Qa1+ 34. Kb3 Qd4 35. h3 g5 36. Bg4 b5 37. Be2 bxc4+ 38. Bxc4 Bxc4+ 39. Rxc4
Qxd5 40. Kb4 a5+ 41. Kb3 Qxg2 0-1

[Event "Frankfurt Ch 2009"]
[Site "Ffm-Kalbach, LAZ"]
[Date "2009.05.04"]
[Round "2.71"]
[White "Hohls, Henning"]
[Black "Barisch, Florian"]
[Result "1-0"]
[WhiteElo "1113"]
[BlackElo "1697"]
[PlyCount "83"]
[EventDate "2009.??.??"]
[WhiteTeam "SC 1934 Gelnhausen"]
[BlackTeam "SV 1934 Ffm-Griesheim"]

1. d4 Nf6 2. Nf3 g6 3. Nc3 Bg7 4. e4 d6 5. Be3 O-O 6. Qd2 Re8 7. O-O-O Nbd7 8.
Be2 Ng4 9. h4 Nxe3 10. fxe3 h6 11. h5 g5 12. Rdf1 e6 13. Bc4 a6 14. Qf2 Rf8 15.
Qg3 b5 16. Bd3 Bb7 17. d5 e5 18. Rf2 b4 19. Ne2 Qe7 20. Rhf1 c6 21. Bc4 cxd5
22. exd5 Nc5 23. Nd2 e4 24. Nd4 Bxd4 25. exd4 e3 26. Re2 exd2+ 27. Kd1 Ne4 28.
Qf3 f5 29. Qd3 Qe8 30. g4 Bc8 31. Qf3 Qd8 32. Bd3 Nc3+ 33. bxc3 bxc3 34. Bxf5
Bxf5 35. gxf5 Rb8 36. Re3 Qd7 37. Rxc3 Rb1+ 38. Kxd2 Rxf1 39. Qxf1 Rxf5 40.
Qxa6 Rxd5 41. Qa8+ Kg7 42. Qxd5 1-0

[Event "Frankfurt Ch 2009"]
[Site "Ffm-Kalbach, LAZ"]
[Date "2009.05.04"]
[Round "2.72"]
[White "Fischler, Paul"]
[Black "Winter, Olaf"]
[Result "0-1"]
[WhiteElo "1009"]
[BlackElo "1674"]
[PlyCount "68"]
[EventDate "2009.??.??"]
[WhiteTeam "Sfr.1891 Friedberg"]
[BlackTeam "SK 1924 Pfungstadt"]

1. e4 c5 2. Bc4 e6 3. Nf3 Nc6 4. Nc3 g6 5. d4 h6 6. O-O cxd4 7. Nxd4 Bg7 8.
Nxc6 bxc6 9. Re1 Ne7 10. Bd2 O-O 11. Re3 d5 12. exd5 cxd5 13. Bb3 d4 14. Rd3
Ba6 15. Rh3 dxc3 16. bxc3 Nf5 17. Qe1 Rc8 18. Rd1 Qf6 19. a4 g5 20. Qe4 Rc5 21.
Qb4 Rfc8 22. Be1 Qe5 23. c4 Bxc4 24. Bc3 Qc7 25. Bxg7 Kxg7 26. Qc3+ Qe5 27. Qd2
Bxb3 28. cxb3 Rd5 29. Rd3 Rcd8 30. Qc2 Rxd3 31. Rf1 Rd2 32. Qb1 Qd5 33. g4 Nh4
34. h3 Qg2# 0-1

[Event "Frankfurt Ch 2009"]
[Site "Ffm-Kalbach, LAZ"]
[Date "2009.05.04"]
[Round "2.73"]
[White "Jaklitsch, Albert"]
[Black "Paulicks, Frank"]
[Result "1/2-1/2"]
[WhiteElo "1670"]
[BlackElo "1083"]
[PlyCount "141"]
[EventDate "2009.??.??"]
[WhiteTeam "vereinslos"]
[BlackTeam "Sfr.1891 Friedberg"]

1. e4 c5 2. c3 Nc6 3. Nf3 e5 4. Bc4 h6 5. h3 Nf6 6. d3 Na5 7. Nxe5 Nxc4 8. Nxc4
b5 9. Ne5 d6 10. Nf3 Be7 11. O-O O-O 12. Nh2 Re8 13. f4 Bb7 14. f5 d5 15. e5
Nd7 16. d4 f6 17. e6 Nb6 18. b3 Bd6 19. Qg4 Qc7 20. Bf4 Bxf4 21. Rxf4 b4 22.
Rf3 a5 23. Rg3 Re7 24. Nf1 Ba6 25. Nbd2 cxd4 26. Qxd4 Rc8 27. Qxf6 bxc3 28. Rc1
c2 29. Qd4 Qc5 30. Qxc5 Rxc5 31. f6 Rxe6 32. Rxg7+ Kf8 33. Rg3 d4 34. Kf2 Bb7
35. Rd3 Rxf6+ 36. Nf3 Rf4 37. N1d2 Nd7 38. g3 Rf7 39. Nc4 Ba6 40. Rxd4 Ne5 41.
Ncxe5 Rxe5 42. Rxc2 Bb7 43. Rf4 Ref5 44. Rxf5 Rxf5 45. Rc3 Bd5 46. a3 Ke7 47.
b4 axb4 48. axb4 Kd7 49. g4 Rf6 50. Kg3 Rb6 51. Rd3 Kd6 52. Rd4 Ke6 53. Kf4 Rb5
54. g5 Bxf3 55. Kxf3 hxg5 56. Ke4 Re5+ 57. Kd3 Kf5 58. Kc4 Re3 59. b5 Rxh3 60.
b6 Rh4 61. b7 Rh8 62. Kd3 Rb8 63. Rb4 g4 64. Ke3 Kg5 65. Kf2 Kh4 66. Kg2 Kg5
67. Kg3 Kf5 68. Rb1 Ke6 69. Kxg4 Kd6 70. Kf4 Kc6 71. Rb2 1/2-1/2

[Event "Frankfurt Ch 2009"]
[Site "Ffm-Kalbach, LAZ"]
[Date "2009.05.04"]
[Round "2.75"]
[White "Arnold, Michael"]
[Black "Precht, Marten"]
[Result "1-0"]
[WhiteElo "1857"]
[BlackElo "965"]
[PlyCount "31"]
[EventDate "2009.??.??"]
[WhiteTeam "SK Langen"]
[BlackTeam "SC 1933 Somborn"]

1. e4 e5 2. Nf3 Nc6 3. Bc4 Bc5 4. O-O Nf6 5. Re1 O-O 6. c3 Qe7 7. d4 exd4 8.
cxd4 Bb4 9. Nc3 Na5 10. Bd3 a6 11. Bg5 Qe6 12. Rc1 h6 13. Bh4 d6 14. Bxf6 Qxf6
15. Nd5 Qg6 16. Ne7+ 1-0